La participación política después de los acuerdos de cese al fuego (Registro nro. 68218)
[ vista simple ]
| 000 -LÍDER | |
|---|---|
| Campo fijo de descripción fija | 01186nab a2200205 i 4500 |
| 001 - NÚMERO DE CONTROL | |
| Campo de control | 768714001 |
| 003 - IDENTIFICADOR DEL NÚMERO DE CONTROL | |
| Campo de control | CO-MdFUSB |
| 005 - FECHA Y HORA DE LA ULTIMA TRANSACCIÓN | |
| control field | 20260313161124.0 |
| 008 - ELEMENTOS DE LONGITUD FIJA -- INFORMACIÓN GENERAL | |
| Campo fijo de descripción fija -- Información general | 220927s2014 ck ||||| |||| 00| 0 spa d |
| 040 ## - FUENTE DE CATALOGACIÓN | |
| Idioma de catalogación | spa |
| Agencia que realiza la transcripción | CO-MdFUSB |
| Agencia que realiza la modificación | CO-MdFUSB |
| 041 ## - CÓDIGO DE IDIOMA | |
| Código de idioma para texto/pista de sonido o título separado | spa |
| 100 ## - ASIENTO PRINCIPAL--NOMBRE PERSONAL | |
| Nombre personal | Fernández Andrade, Rubén, |
| Término relacionador | autor |
| 245 #3 - TÍTULO | |
| Título | La participación política después de los acuerdos de cese al fuego |
| Mención de responsabilidad | / Rubén Fernández Andrade |
| 300 ## - DESCRIPCIÓN FÍSICA | |
| Extensión | Número 7, (2014), páginas 55 - 76 |
| Dimensiones | ; 20 cm |
| 520 ## - NOTA DE RESUMEN, ETC. | |
| Nota de sumario, etc. | La paz no depende de la negociación. Un acuerdo de cese de la confrontación armada es un paso necesario cuya principal responsabilidad pesa sobre los hombros del Gobierno Nacional y la comandancia guerrillera, pero como ya se ha dicho, la paz es un problema de la sociedad, "se construye en los territorios", se amasa entre las organizaciones sociales en la institucionalidad regional y local. Y ahí si, una condición indispensable para una sociedad en paz es que tengamos buena política. |
| 650 #7 - ASIENTO SECUNDARIO DE MATERIA - TERMINO TEMÁTICO | |
| 9 (RLIN) | 2645 |
| Término temático o nombre geográfico como elemento de entrada | Política |
| 773 0# - ASIENTO DE ITEM FUENTE | |
| Biblionumber | 68214 |
| Itemnumber | 81330 |
| Otro identificador del ítem | R2116 |
| Título | Abriendo Horizontes |
| Número de control del registro | (CO-MdFUSB)768714001 |
| Número Internacional Normalizado para Publicaciones Seriadas (ISSN) | 23573295 |
| Parte(s) relacionada(s) / Volumen., número. (mes año), páginas | Número 7, (2014), páginas 55 - 76 |
| 942 ## - TIPO DE MATERIAL (KOHA) | |
| Tipo de Item KOHA | Artículos de Revista |
| 945 ## - INFORMACIÓN LOCAL DEL REGISTRO | |
| Catalogador | JTF-925 |
No hay ítems disponibles.
